UM Logo

Five-dimensional switching-table-based direct torque control of six-phase drives / (Record no. 21522)

MARC details
000 -LEADER
fixed length control field 01058nam a22002417a 4500
003 - CONTROL NUMBER IDENTIFIER
control field OSt
005 - DATE AND TIME OF LATEST TRANSACTION
control field 20250902062520.0
008 - FIXED-LENGTH DATA ELEMENTS--GENERAL INFORMATION
fixed length control field 240911b ||||| |||| 00| 0 eng d
040 ## - CATALOGING SOURCE
Transcribing agency 0
082 ## - DEWEY DECIMAL CLASSIFICATION NUMBER
Classification number DPer 621.317 Ie21 December 2022 v.37 n. 12 part 1&2.
100 ## - MAIN ENTRY--PERSONAL NAME
Personal name Holakooie, Mohammad Hosein.
Relator term author.
9 (RLIN) 60773
245 ## - TITLE STATEMENT
Title Five-dimensional switching-table-based direct torque control of six-phase drives /
Statement of responsibility, etc. Mohammad Hosein Holakooie, Grzegorz Iwanski, and Tomasz Miazga.
260 ## - PUBLICATION, DISTRIBUTION, ETC. (IMPRINT)
Place of publication, distribution, etc. New York ;
Name of publisher, distributor, etc. The Institute of Electrical and Electronics Engineers, Inc.,
Date of publication, distribution, etc. December 2022.
300 ## - PHYSICAL DESCRIPTION
Extent volume 37, pages 15260-15271,
Other physical details illustration.
500 ## - GENERAL NOTE
General note IEEE Transactions on Power Electronics, v. 37 n. 12, pages 15260-15271, December 2022.
650 #0 - SUBJECT ADDED ENTRY--TOPICAL TERM
Topical term or geographic name as entry element 5-D switching table.
9 (RLIN) 66236
650 #0 - SUBJECT ADDED ENTRY--TOPICAL TERM
Topical term or geographic name as entry element Direct torque control (DTC).
9 (RLIN) 66237
650 #0 - SUBJECT ADDED ENTRY--TOPICAL TERM
Topical term or geographic name as entry element six-phase drive.
9 (RLIN) 66238
700 ## - ADDED ENTRY--PERSONAL NAME
Personal name Holakooie, Mohammad Hosein.
Relator term author.
9 (RLIN) 60773
700 ## - ADDED ENTRY--PERSONAL NAME
Personal name Iwanski, Grzegorz.
Relator term author.
9 (RLIN) 60774
700 ## - ADDED ENTRY--PERSONAL NAME
Personal name Miazga, Tomasz.
Relator term author.
9 (RLIN) 60775
942 ## - ADDED ENTRY ELEMENTS (KOHA)
Source of classification or shelving scheme Dewey Decimal Classification
Koha item type Periodicals
Holdings
Withdrawn status Lost status Source of classification or shelving scheme Damaged status Not for loan Collection code Home library Current library Date acquired Total Checkouts Full call number Date last seen Price effective from Koha item type Public note
    Dewey Decimal Classification     Periodicals UM Digos College - LIC UM Digos College - LIC 09/11/2024   DPer 621.317 Ie21 December 2022 v.37 n. 12 part 1&2. 09/11/2024 09/11/2024 Periodicals Periodical Article